000 00526nam a2200217Ia 4500
003 OSt
005 20230502121929.0
008 210423s2012 xx 000 0 und d
020 _a8182810256
040 _cAL
041 _aeng
082 _a658.403
_223
_bAGAD
100 _aAGARWAL (D R).
_995935
245 _aQuantitative methods.
250 _a4
260 _aNew Delhi
_bVrinda Publications Ltd
_c2012
300 _aviii,1338
_bPB
365 _b300
_cINR
906 _amethods. ; Quantitative
942 _2ddc
_cBK
999 _c161446
_d161446